00542 2200181 4500001002100000008004100021035002000062245009000082100005200172260002800224300002400252020002200276084001600298082001000314990001200324990001200336990001200348INLIS000000000002736 IND  a0010-0925000083 aKompeten Berbahasa Indonesia Kelas XcDrs. Rusmiyanto, M.Pd., Drs. Imam Taufik, M.Pd. aDrs. Rusmiyanto, M.Pd., Drs. Imam Taufik, M.Pd. aJakartabErlanggac2021 a340c(17,5 x 25 cm) a978-623-266-593-4 a371.3 RUS k a371.3 a0754940 a0754941 a0754942